00333pab a2200121 454500008004000000100001700040245009400057260000900151300001400160362000800174650001400182773001500196180718b2009 xxu||||| |||| 00| 0 eng d aCohn, Margit aJudicial review of non-statutory executive powers after Bancoult: a unified anxious model c2009 ap.260-86. aApr aJudiciary aPublic Law